<?xml version="1.0" encoding="UTF-8"?>
<record
    xmlns:xsi="http://www.w3.org/2001/XMLSchema-instance"
    xsi:schemaLocation="http://www.loc.gov/MARC21/slim http://www.loc.gov/standards/marcxml/schema/MARC21slim.xsd"
    xmlns="http://www.loc.gov/MARC21/slim">

  <leader>01272nab a2200205uuc4500</leader>
  <controlfield tag="001">1380197</controlfield>
  <controlfield tag="005">20250306090841.0</controlfield>
  <controlfield tag="008">140729s2014                        spa  </controlfield>
  <datafield tag="035" ind1=" " ind2=" ">
    <subfield code="a">1380197</subfield>
  </datafield>
  <datafield tag="040" ind1=" " ind2=" ">
    <subfield code="c">comduadb</subfield>
  </datafield>
  <datafield tag="041" ind1=" " ind2=" ">
    <subfield code="a">spa</subfield>
  </datafield>
  <datafield tag="100" ind1="1" ind2="0">
    <subfield code="a">Orozco Tabares, Jhon Henry</subfield>
    <subfield code="4">aut</subfield>
    <subfield code="e">aut</subfield>
    <subfield code="9">366691</subfield>
  </datafield>
  <datafield tag="245" ind1="1" ind2="0">
    <subfield code="a">Otras miradas, muchas infancias</subfield>
  </datafield>
  <datafield tag="520" ind1="3" ind2=" ">
    <subfield code="a">El procedimiento que conecta infancia, literatura y cine parece evocar multiplicidad. Muchas, dis&#xED;miles y raras infancias son descritas en la prosa narrativa, en los colores del celuloide y en los documentos historiogr&#xE1;ficos de la investigaci&#xF3;n educativa. Articular dicho tejido supone riesgo e imprevisi&#xF3;n. Una experiencia que remite a las lecciones de visibilidades  y enunciados, descritas por Deleuze, y que en su no relaci&#xF3;n permite ver y deja hablar; es decir, palabras que cuentan historias que no se ven  -como en la literatura-, planos que muestran rostros y paisajes irreductibles a la palabra -como en el cine-.</subfield>
  </datafield>
  <datafield tag="650" ind1=" " ind2=" ">
    <subfield code="a">Cine infantil</subfield>
    <subfield code="9">66248</subfield>
  </datafield>
  <datafield tag="650" ind1=" " ind2="7">
    <subfield code="a">Infancia</subfield>
    <subfield code="6">http://vocabularies.unesco.org/thesaurus/concept1666</subfield>
    <subfield code="2"></subfield>
    <subfield code="9">14323</subfield>
  </datafield>
  <datafield tag="650" ind1=" " ind2="7">
    <subfield code="a">Literatura</subfield>
    <subfield code="2">embne</subfield>
    <subfield code="9">42810</subfield>
  </datafield>
  <datafield tag="773" ind1="0" ind2=" ">
    <subfield code="t">Revista Educaci&#xF3;n y Cultura (Bogot&#xE1;)</subfield>
    <subfield code="g">No. 104, 2014, p. 34-37</subfield>
    <subfield code="w">5848</subfield>
    <subfield code="x">0120-7164</subfield>
    <subfield code="0">3204</subfield>
  </datafield>
  <datafield tag="942" ind1=" " ind2=" ">
    <subfield code="c">ARIMP</subfield>
  </datafield>
  <datafield tag="999" ind1=" " ind2=" ">
    <subfield code="c">689204</subfield>
    <subfield code="d">689204</subfield>
  </datafield>
</record>
